Responses for show #8105 - Friday, November 29, 2019

Contestants

Gabrielle Merken, a student assessment specialist from Washington, D.C.

Emma Wall, a graduate student from La Jolla, California

Alex Damisch, a data scientist from Chicago, Illinois (whose 1-day cash winnings total $12,801)

Jeopardy! Round responses

THE OLD WEST
THIS CATEGORY IS FULL OF VINEGAR
BEFORE & AFTER
ENTREPRENHEIRS
WHO WROTE IT?
THE WWE SLAMMY AWARDS
    $200 16
a coyote

Gabrielle
    $200 12
balsamic

Alex
    $200 2
Big Ben Franklin

Alex
    $200 11
Ralph Lauren

Gabrielle
    $200 10
(Joseph) Heller

Emma
    $200 26
(Alex Damisch: Who is Molly Ringwald?)

Cyndi Lauper

AlexEmma
    $400 17
brands

Alex
    $400 13
potato salad

Gabrielle
    $400 4
a putting Green Eggs and Ham

Emma
    $400 21
Paris Hilton

Alex
    $400 9
Robert Frost

Alex
    $400 27
Charlie Sheen

Gabrielle
    $1,500 18
the O.K. Corral

Alex
    $600 14
malt vinegar

Gabrielle
    $600 1
the Cheshire Cat scan

Emma
    $600 22
Stella McCartney

Gabrielle
    $600 6
Beckett

Alex
    $600 28
Dwayne Johnson (the Rock)

Emma
    $800 19
Pike's Peak

Triple Stumper
    $800 15
Pasteur

Emma
    $800 3
the Hebrew National League

Gabrielle
    $800 23
Standard Oil

Alex
    $800 7
Alexander Pope

Triple Stumper
    $800 29
Ronda Rousey

Gabrielle
    $1000 20
the Youngers

Triple Stumper
    $1000 25
apple cider vinegar

Gabrielle
    $1000 5
a writer's block party

Alex
    $1000 24
Ellison

Triple Stumper
    $1000 8
Maya Angelou

Triple Stumper
    $1000 30
Vince McMahon

Triple Stumper

Scores at the first commercial break (after clue 15):

Alex Emma Gabrielle
$2,400 $2,000 $2,000

Scores at the end of the Jeopardy! Round:

Alex Emma Gabrielle
$5,300 $2,800 $5,000

Double Jeopardy! Round responses

THE OLD WEST
WHEN TV WAS FREE
WOMEN OF SCIENCE
RANDOM FACTS
KEEPING UP WITH THE KENNEDYS
ENDS IN "SS"
    $400 18
Naples

Gabrielle
    $400 16
Robin Williams

Alex
    $400 1
engineering

Alex
    $400 26
an Eagle Scout

Emma
    $400 13
(Gabrielle: Who is Robert?)

Ted Kennedy, Jr.

Gabrielle
Triple Stumper
    $400 10
an hourglass

Alex
    $800 22
(Alex Trebek: You picked the right river.)

the Euphrates

Emma
    $800 19
(Emma: What is ER?)

48 Hours

EmmaGabrielle
    $800 3
AIDS

Alex
    $800 12
Ash Wednesday

Alex
    $800 27
(Emma: Who is Carnegie?)

the Cuomo family

Emma
Triple Stumper
    $800 9
a bypass

Emma
    $1200 23
a caliphate

Emma
    $1200 17
As the World Turns

Emma
    $1200 2
(Alex Trebek: We're going to accept that.)

a code (a computer program)

Emma
    $1200 11
War of the Roses

Alex
    $1200 28
(Alex Damisch: Who is Caroline Kennedy?)

Ethel Kennedy

AlexGabrielle
    $1200 6
fortress

Triple Stumper
    $1600 24
Prince Henry the Navigator

Triple Stumper
    $1600 20
Kung Fu

Triple Stumper
    $1600 4
genes

Alex
    $1600 14
Djibouti

Gabrielle
    $1,000 29
the Special Olympics

Gabrielle
    $1600 7
an albatross

Alex
    $2000 25
(Emma: Oh, gosh. Uh, what is Western...)
(Gabrielle: What is Western Sahara?)

Western Australia

EmmaGabrielle
Triple Stumper
    $2000 21
Alexis Carrington

Triple Stumper
    $5,000 5
dark matter

Alex
    $2000 15
a jackal

Emma
    $2000 30
Peter Lawford

Triple Stumper
    $2000 8
(Alex Damisch: What is Gauss?)

degauss

Alex
Triple Stumper

Scores at the end of the Double Jeopardy! Round:

Alex Emma Gabrielle
$14,300 $6,800 $7,600

[wagering suggestions for these scores]

Final Jeopardy! Round responses

CLASSIC BRITISH NOVELS
EmmaWhat is the Hunchback of Notre Dame?
$6,700
GabrielleWhat is?
$6,001
AlexWhat is Tristram Shandy?
$901
Dracula

Final scores:

Alex Emma Gabrielle
$13,399 $100 $1,599
2-day champion: $26,200 3rd place: $1,000 2nd place: $2,000

Game dynamics:

Coryat scores:

Alex Emma Gabrielle
$10,400 $6,800 $8,200
18 R
(including 2 DDs),
3 W
13 R,
3 W
14 R
(including 1 DD),
2 W

Combined Coryat: $25,400

The J! Archive is created by fans, for fans. The Jeopardy! game show and all elements thereof, including but not limited to copyright and trademark thereto, are the property of Jeopardy Productions, Inc. and are protected under law. This website is not affiliated with, sponsored by, or operated by Jeopardy Productions, Inc. Join the discussion at JBoard.tv.